<?xml version="1.0" encoding="UTF-8"?>
<record
    xmlns:xsi="http://www.w3.org/2001/XMLSchema-instance"
    xsi:schemaLocation="http://www.loc.gov/MARC21/slim http://www.loc.gov/standards/marcxml/schema/MARC21slim.xsd"
    xmlns="http://www.loc.gov/MARC21/slim">

  <leader>01402cam a22003371  4500</leader>
  <datafield tag="999" ind1=" " ind2=" ">
    <subfield code="c">27473</subfield>
    <subfield code="d">27473</subfield>
  </datafield>
  <controlfield tag="001">8031450</controlfield>
  <controlfield tag="003">OSt</controlfield>
  <controlfield tag="005">20170208150944.0</controlfield>
  <controlfield tag="008">800417s1967    ru a          000 0 rusr </controlfield>
  <datafield tag="010" ind1=" " ind2=" ">
    <subfield code="a">   70213471 </subfield>
  </datafield>
  <datafield tag="035" ind1=" " ind2=" ">
    <subfield code="a">(OCoLC)6216623</subfield>
  </datafield>
  <datafield tag="040" ind1=" " ind2=" ">
    <subfield code="a">DLC</subfield>
    <subfield code="c">ICSU</subfield>
    <subfield code="d">ICSU</subfield>
    <subfield code="d">DLC</subfield>
  </datafield>
  <datafield tag="041" ind1="1" ind2=" ">
    <subfield code="a">rusengfre</subfield>
  </datafield>
  <datafield tag="042" ind1=" " ind2=" ">
    <subfield code="a">premarc</subfield>
  </datafield>
  <datafield tag="043" ind1=" " ind2=" ">
    <subfield code="a">e-ur-ru</subfield>
  </datafield>
  <datafield tag="050" ind1="0" ind2="0">
    <subfield code="a">NK7660 .S67 1967</subfield>
  </datafield>
  <datafield tag="245" ind1="0" ind2="0">
    <subfield code="a">Sokrovishcha almaznogo fonda SSSR;</subfield>
    <subfield code="b">[al&#x2B9;bom reprodukt&#xFE20;s&#xFE21;i&#x1D0; izbrannykh &#x117;ksponatov vystavki "Almazny&#x1D0; fond SSSR"] Treasures of the USSR diamond fund. Les joyaux du fonds diamantaire de l&#xDA;RSS. [Pod obshche&#x1D0; red. B.A. Rybakova.</subfield>
  </datafield>
  <datafield tag="260" ind1=" " ind2=" ">
    <subfield code="a">Moskva,</subfield>
    <subfield code="b">Sov. khudozhnik,</subfield>
    <subfield code="c">1967.</subfield>
  </datafield>
  <datafield tag="300" ind1=" " ind2=" ">
    <subfield code="a">22 p., [68] l. of col. illus.</subfield>
    <subfield code="c">28 cm.</subfield>
  </datafield>
  <datafield tag="500" ind1=" " ind2=" ">
    <subfield code="a">On leaf preceding t.p.: Ministerstvo finansov SSSR. Komitet po pechati pri Sovete Ministrov SSSR.</subfield>
  </datafield>
  <datafield tag="500" ind1=" " ind2=" ">
    <subfield code="a">Russian, English or French.</subfield>
  </datafield>
  <datafield tag="500" ind1=" " ind2=" ">
    <subfield code="a">Preface and legends also in English and Russian.</subfield>
  </datafield>
  <datafield tag="650" ind1=" " ind2="0">
    <subfield code="a">Diamonds.</subfield>
  </datafield>
  <datafield tag="650" ind1=" " ind2="0">
    <subfield code="a">Gems, Russian</subfield>
    <subfield code="v">Exhibitions.</subfield>
  </datafield>
  <datafield tag="700" ind1="1" ind2=" ">
    <subfield code="a">Rybakov, B. A.</subfield>
    <subfield code="q">(Boris Aleksandrovich),</subfield>
    <subfield code="d">1908-2001,</subfield>
    <subfield code="e">ed.</subfield>
  </datafield>
  <datafield tag="740" ind1="0" ind2=" ">
    <subfield code="a">Treasures of the USSR diamond fund.</subfield>
  </datafield>
  <datafield tag="740" ind1="4" ind2=" ">
    <subfield code="a">Les joyaux du fonds diamantaire de l&#x2B9;URSS.</subfield>
  </datafield>
  <datafield tag="906" ind1=" " ind2=" ">
    <subfield code="a">7</subfield>
    <subfield code="b">cbc</subfield>
    <subfield code="c">oclcrpl</subfield>
    <subfield code="d">u</subfield>
    <subfield code="e">ncip</subfield>
    <subfield code="f">19</subfield>
    <subfield code="g">y-gencatlg</subfield>
  </datafield>
  <datafield tag="942" ind1=" " ind2=" ">
    <subfield code="2">lcc</subfield>
    <subfield code="c">BOOKS</subfield>
    <subfield code="h">NK7660 .S67 1967</subfield>
    <subfield code="k">34247</subfield>
  </datafield>
  <datafield tag="952" ind1=" " ind2=" ">
    <subfield code="0">0</subfield>
    <subfield code="1">0</subfield>
    <subfield code="2">lcc</subfield>
    <subfield code="4">0</subfield>
    <subfield code="7">0</subfield>
    <subfield code="a">MUC</subfield>
    <subfield code="b">MUC</subfield>
    <subfield code="c">TECH</subfield>
    <subfield code="d">2017-02-08</subfield>
    <subfield code="e">Donation(BFA)</subfield>
    <subfield code="l">0</subfield>
    <subfield code="o">NK7660 .S67 1967</subfield>
    <subfield code="p">34247</subfield>
    <subfield code="r">2018-05-31</subfield>
    <subfield code="w">2017-02-08</subfield>
    <subfield code="y">BOOKS</subfield>
  </datafield>
</record>
